[Event "Karl Mala Memorial op 10th"]
[Site "Griesheim"]
[Date "2006.07.22"]
[Round "4"]
[White "Mao, Kevin"]
[Black "Morawietz, Manuel"]
[Result "0-1"]
[WhiteElo "1209"]
[BlackElo "1662"]
[PlyCount "48"]
[EventDate "2006.07.20"]
[EventType "swiss"]
[EventRounds "7"]
[EventCountry "GER"]
[SourceTitle "CBM 113 Extra"]
[Source "ChessBase"]
[SourceDate "2006.09.14"]
[SourceVersion "1"]
[SourceVersionDate "2006.09.14"]
[SourceQuality "1"]

1. e4 e6 2. d4 d5 3. e5 c5 4. c3 Nc6 5. Nf3 Qb6 6. Be2 Bd7 7. 0-0 cxd4 8. cxd4 Nge7 9. Nc3 Nf5 10. Na4 Qa5 11. Be3 Nxe5 12. Nxe5 Bxa4 13. Qc1 Qd8 14. Bd3 Nd6 15. f4 Be7 16. f5 f6 17. Ng4 h5 18. Nxf6+ Bxf6 19. fxe6 0-0 20. Bg6 Be8 21. Bc2 Ne4 22. Bxe4 dxe4 23. Qd2 Bc6 24. Rad1 Qd5 0-1

[Event "Karl Mala Memorial op 10th"]
[Site "Griesheim"]
[Date "2006.07.21"]
[Round "3"]
[White "Morawietz, Manuel"]
[Black "Rothermel, Tim"]
[Result "0-1"]
[WhiteElo "1662"]
[BlackElo "1346"]
[PlyCount "90"]
[EventDate "2006.07.20"]
[EventType "swiss"]
[EventRounds "7"]
[EventCountry "GER"]
[SourceTitle "CBM 113 Extra"]
[Source "ChessBase"]
[SourceDate "2006.09.14"]
[SourceVersion "1"]
[SourceVersionDate "2006.09.14"]
[SourceQuality "1"]

1. e4 c5 2. Nf3 Nc6 3. Nc3 d6 4. g3 Nf6 5. Bg2 Bg4 6. d3 e6 7. h3 Bh5 8. Be3 d5 9. g4 d4 10. gxh5 dxe3 11. fxe3 Qc7 12. Qe2 Nxh5 13. Qf2 Bd6 14. Nb5 Qa5+ 15. Nc3 Bg3 16. 0-0 Bxf2+ 17. Rxf2 0-0 18. e5 a6 19. Ne4 c4 20. d4 f5 21. Nd6 Ng3 22. Ng5 Nd8 23. Nxc4 Qb4 24. b3 Rb8 25. Nd6 Qc3 26. Rd1 Qxe3 27. h4 h6 28. Nh3 Ne2+ 29. Kh2 Qg3+ 30. Kh1 f4 31. Ne4 Qxh4 32. Nd2 Nxd4 33. Rg1 g5 34. c3 g4 35. cxd4 gxh3 36. Bxh3+ Kh8 37. Rh2 Nf7 38. Bxe6 Qd8 39. Rg6 Qc7 40. d5 Rg8 41. Rgxh6+ Nxh6 42. Rxh6+ Kg7 43. Bxg8 Kxh6 44. Nc4 Rxg8 45. e6 Qg7 0-1